000 00581nam a2200241 a 4500
001 nice12345678
003 IN_TiNIC
005 20260116011343.0
008 050524s1350 naga grp 000 0 per
020 _a
_c100
082 0 0 _a500.80297
_bNAJ
100 _aNajeebuddin, Isphahani
245 _aUsoolul Mulhama.
260 _aNagpur
_b
_c1350
300 _a132p
500 _aincludes index and biblioraphy
505 2 _aFour Parts Boun Together
650 _aIslam and Science
700 1 _aNajeebuddin, Isphahani
902 _bSRS
942 _cBK
999 _c793
_d793